| 000 | 00861 a2200205 4500 | ||
|---|---|---|---|
| 020 | _a0471433322 (hardcover) | ||
| 020 | _a9780471433323 (hardcover) | ||
| 082 | 0 | 4 | _a515.35 |
| 090 |
_c1462 _d1462 |
||
| 100 | 1 | _aBorrelli, Robert L. | |
| 245 | 1 | 0 |
_aDifferential equations : _ba modeling perspective / _cRobert L. Borrelli, Courtney S. Coleman. |
| 250 | _a2nd ed. | ||
| 260 |
_a[S.l.] : _bWiley, _c2004. |
||
| 300 |
_a736 p. ; _c26 cm. |
||
| 700 | 1 | _aColeman, Courtney S. | |
| 856 | 4 | 0 |
_3Amazon.com _uhttp://www.amazon.com/exec/obidos/ASIN/0471433322/chopaconline-20 |
| 942 |
_aSNS _cBK _k515.35 BOR |
||
| 999 |
_c30073 _d30073 |
||